Luc Tuymans - MWANA KITOKO (Beautiful White Man) (Record no. 1801)
[ view plain ]
| 000 -LEADER | |
|---|---|
| campo de control de longitud fija | 00907nam a22001457a 4500 |
| 008 - DATOS DE LONGITUD FIJA--INFORMACIÓN GENERAL | |
| campo de control de longitud fija | 190601b xxu||||| |||| 00| 0 eng d |
| 020 ## - NÚMERO INTERNACIONAL ESTÁNDAR DEL LIBRO | |
| Número Internacional Estándar del Libro | 9789057790171 |
| 082 ## - NÚMERO DE LA CLASIFICACIÓN DECIMAL DEWEY | |
| Número de clasificación | 759.93 |
| Número de ítem | T968m |
| 100 ## - ENTRADA PRINCIPAL--NOMBRE DE PERSONA | |
| Nombre de persona | Storr, Robert; Pirotte, Philipp; Hoet, Jan. |
| 9 (RLIN) | 7070 |
| 245 ## - MENCIÓN DEL TÍTULO | |
| Título | Luc Tuymans - MWANA KITOKO (Beautiful White Man) |
| 260 ## - PUBLICACIÓN, DISTRIBUCIÓN, ETC. | |
| Lugar de publicación, distribución, etc. | Bélgica |
| Nombre del editor, distribuidor, etc. | S.M.A.K. Stedelijk Museum voor Actuele Kunst |
| Fecha de publicación, distribución, etc. | 2001 |
| 300 ## - DESCRIPCIÓN FÍSICA | |
| Extensión | 136 p. |
| Otras características físicas | ill (col). |
| Dimensiones | 22.9 x 27.3 cm |
| 505 ## - NOTA DE CONTENIDO CON FORMATO | |
| Título | Preface |
| Mención de responsabilidad | Minister of Culture Bert Anciaux |
| Título | Introduction |
| Mención de responsabilidad | Jan Hoet |
| Título | A Worst Case Scenario |
| Mención de responsabilidad | Robert Storr |
| Título | Belgian Pavilion: floor plan / photo / images |
| -- | Mwana Kitoko (Beautiful white man) |
| Mención de responsabilidad | Philippe Pirotte (images from the series Mwana Kitoko) |
| Título | Traduction des textes en français |
| -- | Biography and Bibliography |
| -- | List of Works |
| -- | Acknowledgements |
| -- | Colophon |
| 650 ## - PUNTO DE ACCESO ADICIONAL DE MATERIA--TÉRMINO DE MATERIA | |
| Fuente del encabezamiento o término | Arte contemporáneo |
| Subdivisión de forma | Pintura |
| Subdivisión general | Arte - bienales |
| Subdivisión cronológica | Bienal de Venecia 2001 |
| Subdivisión geográfica | Arte - Bélgica |
| 9 (RLIN) | 7071 |
| Estatus retirado | Estado de pérdida | Fuente del sistema de clasificación o colocación | Estado de daño | No para préstamo | Biblioteca de origen | Biblioteca actual | Ubicación en estantería | Fecha de adquisición | Total de préstamos | Signatura topográfica completa | Código de barras | Visto por última vez | Precio de reemplazo | Tipo de ítem Koha |
|---|---|---|---|---|---|---|---|---|---|---|---|---|---|---|
| Clasificación Decimal Dewey | Biblioteca LadoV | Biblioteca LadoV | 01/06/2019 | 759.93 T968m | 001181 | 01/06/2019 | 01/06/2019 | Material 01 |
